01281pab a2200181 454500008004000000100002300040245007900063260000900142300001300151362000800164520073700172650001400909650002300923773002000946909001000966999001700976952010600993180718b2001 xxu||||| |||| 00| 0 eng d aFelpeto, A. et al. aAssessment and modelling of lava flow hazard on Lanzarote (Canary Islands) c2001 ap.247-57 aMar aThis paper presents an evaluation of the lava flow hazard on Lanzarote (Canary Islands) by means of a probabilistic maximum slope model. This model assumes that the topography plays the major role in determining the path that a lava flow will follow. The area selected for containing future emission centres has been chosen taking into account the characteristics of the recent eruptive activity and the present activity of the island. The results of the simulations constitute hazard maps whose values at each point represent the probability of being covered by lava. These results are qualitatively analysed to provide some indication of the risk to the lifelines (electricity, drinking water etc.) of the island. - Reproduced aDisasters aVolcanic eruptions aNatural Hazards a48955 c48955d48955 00104070aIIPAbIIPAd2018-07-19hVolume no: 23, Issue no: 2-3pAR49383r2018-07-19w2018-07-19yAR